000 00573nam a2200181 i 4500
001 135508
003 ES-MaACL
007 t|
008 070719s1980 sp ||||1| spa d
080 _a860-14"19"
100 1 _aTorre Vivero, Carmen de la.
_9110791
245 1 0 _aDistancia /
_cCarmen de la Torre Vivero ; prólogo de Joaquín Romero Marchent.
260 _aMadrid :
_b[s.n.],
_c1980 (
_f[Gráf. Sanchez])
300 _a119 p. ;
_c22 cm.
500 _aCon retrato de la autora.
700 1 _aRomero Marchent, Joaquín.
_999407
852 _aES-MaACL
_jL-6779
_bR.106765
999 _c135508
_d135508